THE WRIGHT EXPERIENCE A MASTER ARCHITECTS VISION (Record no. 479555)

MARC details
000 -LEADER
fixed length control field 00436pam a2200157a 44500
008 - FIXED-LENGTH DATA ELEMENTS--GENERAL INFORMATION
fixed length control field 230515b2008 xxu||||| |||| 00| 0 eng d
020 ## - INTERNATIONAL STANDARD BOOK NUMBER
International Standard Book Number 978-1-887354-60-8
041 ## - LANGUAGE CODE
Language code of text/sound track or separate title ENGLISH
082 ## - DEWEY DECIMAL CLASSIFICATION NUMBER
Classification number R
100 ## - MAIN ENTRY--PERSONAL NAME
Personal name HUNT S
245 ## - TITLE STATEMENT
Title THE WRIGHT EXPERIENCE A MASTER ARCHITECTS VISION
250 ## - EDITION STATEMENT
Edition statement 1
260 ## - PUBLICATION, DISTRIBUTION, ETC.
Place of publication, distribution, etc. SCOTLAND
Name of publisher, distributor, etc. SARABAND PUB LTD SCOTLAND
Date of publication, distribution, etc. 2008
300 ## - PHYSICAL DESCRIPTION
Extent 172
650 ## - SUBJECT ADDED ENTRY--TOPICAL TERM
Topical term or geographic name entry element THE WRRIGHT EXPERIENCE A MASTER ARCHITECTS VISION

No items available.